| 000 | 00592nam a2200229Ia 4500 | ||
|---|---|---|---|
| 003 | OSt | ||
| 005 | 20230330142418.0 | ||
| 008 | 210423s2009 xx 000 0 und d | ||
| 020 | _a9788120336551 | ||
| 040 | _cAL | ||
| 041 | _aeng | ||
| 082 | _a332.1 MURD | ||
| 100 |
_aMURALEEDHARAN (D) _980171 |
||
| 245 | _aModern banking: theory and practice | ||
| 260 |
_aNew Delhi _bPHI Learning Pvt Ltd _c2009 |
||
| 300 |
_axx,428 _bPB |
||
| 365 |
_b325 _cINR |
||
| 650 |
_aBanking _980172 |
||
| 650 |
_aEconomics _980173 |
||
| 906 | _abanking: ; Modern ; practice ; theory | ||
| 942 |
_2ddc _cBK |
||
| 999 |
_c157576 _d157576 |
||